| 000 | 00408nam a2200169Ia 4500 | ||
|---|---|---|---|
| 008 | 200305s9999 xx 000 0 und d | ||
| 020 | _a978-81-7391-612-8 | ||
| 082 | _a370 | ||
| 082 | _bSHC | ||
| 100 | _aSHARMA, Y.K | ||
| 245 | _aCOMPARATIVE EDUCATION A COMPARATIVE STUDY OF EDUCA | ||
| 250 | _a8TH ED | ||
| 260 |
_aNEW DELHI _bKANISHKA |
||
| 300 | _aXXII+427 | ||
| 650 | _aEDUCATION | ||
| 999 |
_c38643 _d38643 |
||
| 041 | _aeng | ||